[Event "Czech Open Rapid 2019"]
[Site "Pardubice"]
[Date "2019.07.17"]
[Round "2.7"]
[White "Chudinovskikh, Alexander M"]
[Black "Gutman, Gennadi"]
[Result "1/2-1/2"]
[WhiteElo "2152"]
[BlackElo "2466"]
[Annotator "ChessBase"]
[PlyCount "83"]
[EventDate "2019.07.17"]
[EventType "swiss"]
[EventCountry "CZE"]
[SourceTitle "playchess.com"]
[Source "ChessBase"]
[SourceQuality "1"]

1. e4 c5 2. Nf3 Nc6 3. Bb5 d6 4. O-O Bd7 5. c3 Nf6 6. Re1 a6 7. Ba4 c4 8. Bc2 e5 9. b3 b5 10. a4 Rc8 11. axb5 axb5 12. d3 cxd3 13. Bxd3 b4 14. cxb4 Nxb4 15. Bc4 Be7 16. Ba3 Qb6 17. Qd2 Nc6 18. Bxd6 Nd4 19. Bxe7 Nxf3+ 20. gxf3 Kxe7 21. Ra6 Qc5 22. Nc3 Rhd8 23. Nd5+ Nxd5 24. Qxd5 Be8 25. Qxc5+ Rxc5 26. Bd5 Rb8 27. Rea1 Rc2 28. Ra7+ Kf6 29. Ra8 Rxa8 30. Rxa8 Bd7 31. Kg2 Be6 32. Ra6 Rb2 33. Rb6 Ke7 34. Bxe6 fxe6 35. h4 Kf6 36. Kg3 h5 37. f4 exf4+ 38. Kf3 g6 39. b4 Ke5 40. Rb5+ Kf6 41. Rb6 Ke5 42. Rb5+ 1/2-1/2

[Event "Czech Open Rapid 2019"]
[Site "Pardubice"]
[Date "2019.07.17"]
[Round "2.8"]
[White "Ter-Saakian, Grigorii"]
[Black "Panesso Rivera, Henry"]
[Result "1/2-1/2"]
[WhiteElo "2338"]
[BlackElo "2380"]
[Annotator "NA"]
[PlyCount "92"]
[EventDate "2019.07.17"]
[EventType "swiss"]
[EventCountry "CZE"]
[SourceTitle "playchess.com"]
[Source "ChessBase"]
[SourceQuality "1"]

1. e4 c5 2. a3 e6 3. b4 d5 4. e5 Nc6 5. f4 g5 6. b5 Na5 7. fxg5 Qxg5 8. Nf3 Qg7 9. Bb2 b6 10. d4 Nh6 11. Qd2 Bb7 12. Bd3 Nc4 13. Bxc4 dxc4 14. Nc3 cxd4 15. Nxd4 Qxe5+ 16. Nce2 Bg7 17. Bc3 O-O 18. Nc6 Qh5 19. Ng3 Qh4 20. O-O-O Bxc6 21. Bxg7 Kxg7 22. Qc3+ Kg8 23. bxc6 Rac8 24. Rd4 Qg5+ 25. Kb1 Rxc6 26. Ne4 Qg7 27. Rf1 Nf5 28. Nf6+ Qxf6 29. Rg4+ Qg6 30. Rxg6+ hxg6 31. g4 Ne7 32. Rf3 Nd5 33. Qd2 Kg7 34. g5 Rh8 35. Qd4+ Kg8 36. h4 Rh5 37. Rf1 c3 38. Qf2 Rc7 39. Rd1 Rc4 40. Rd4 Rxd4 41. Qxd4 Kf8 42. Ka2 Kg8 43. Kb3 Rh8 44. Qe4 Kg7 45. Qd4+ Kh7 46. Qe4 Kg7 1/2-1/2

[Event "Czech Open Rapid 2019"]
[Site "Pardubice"]
[Date "2019.07.17"]
[Round "2.9"]
[White "Vavra, Pavel"]
[Black "Nagy, Gabor"]
[Result "0-1"]
[WhiteElo "2325"]
[BlackElo "2523"]
[Annotator "ChessBase"]
[PlyCount "88"]
[EventDate "2019.07.17"]
[EventType "swiss"]
[EventCountry "CZE"]
[SourceTitle "playchess.com"]
[Source "ChessBase"]
[SourceQuality "1"]

1. d4 Nf6 2. Bg5 d5 3. e3 c5 4. Bxf6 gxf6 5. Nc3 Nc6 6. Qh5 cxd4 7. exd4 e6 8. O-O-O Bb4 9. Nge2 Bd7 10. Qh6 Qe7 11. g4 O-O-O 12. h4 Kb8 13. a3 Ba5 14. Rh3 Rdg8 15. Rg3 Bc7 16. f4 Rg6 17. Qh5 Qf8 18. g5 fxg5 19. hxg5 f6 20. Nb5 fxg5 21. Nxc7 gxf4 22. Rf3 Kxc7 23. Nxf4 Qh6 24. Qxh6 Rxh6 25. Bb5 Nxd4 26. Rxd4 Bxb5 27. a4 Bc6 28. Nd3 Kd6 29. Re3 Rf8 30. Ne5 Rh1+ 31. Kd2 Rh2+ 32. Kc3 Rff2 33. Nc4+ Ke7 34. Nd2 Kf6 35. Rf3+ Rxf3+ 36. Nxf3 Rh3 37. Rf4+ Ke7 38. Kd4 Bxa4 39. Ng5 Rh5 40. Rf7+ Kd6 41. Rg7 e5+ 42. Kc3 d4+ 43. Kd2 Bb5 44. c4 dxc3+ 0-1

[Event "Czech Open Rapid 2019"]
[Site "Pardubice"]
[Date "2019.07.17"]
[Round "2.9"]
[White "Roessler, Ulrike"]
[Black "Zpevak, Pavel"]
[Result "0-1"]
[WhiteElo "2139"]
[BlackElo "2343"]
[Annotator "NA"]
[PlyCount "120"]
[EventDate "2019.07.17"]
[EventType "swiss"]
[EventCountry "CZE"]
[SourceTitle "playchess.com"]
[Source "ChessBase"]
[SourceQuality "1"]

1. e4 c5 2. Nf3 e6 3. d4 cxd4 4. Nxd4 Nc6 5. Nc3 Qc7 6. Be2 a6 7. Be3 Nf6 8. O-O Bb4 9. Na4 O-O 10. Nxc6 bxc6 11. Nb6 Rb8 12. Nxc8 Rfxc8 13. Bxa6 Re8 14. e5 Qxe5 15. Bd4 Qa5 16. Bd3 e5 17. Be3 d5 18. Bg5 Be7 19. b3 e4 20. Be2 d4 21. Qd2 Bb4 22. Qf4 Nd5 23. Qg3 Nc3 24. Bc4 d3 25. Kh1 dxc2 26. Bf6 g6 27. f4 Nd5 28. f5 Qc7 29. fxg6 Qxg3 30. gxf7+ Kxf7 31. hxg3 Kg6 32. Bb2 Rf8 33. a3 Bd2 34. b4 Rxf1+ 35. Rxf1 e3 36. Bd3+ Kg5 37. Rf5+ Kg4 38. Kh2 Be1 39. Rf3 Re8 40. Bxc2 Bd2 41. Bd3 e2 42. Bxe2 Rxe2 43. Rf7 Ne3 44. Rg7+ Kf5 45. Rxh7 Be1 46. Bd4 Rxg2+ 47. Kh1 Rxg3 48. Rc7 Bf2 49. Bxe3 Bxe3 50. Rxc6 Ke4 51. Kh2 Rg8 52. Rf6 Bf4+ 53. Kh1 Kf3 54. b5 Rd8 55. Rg6 Rd2 56. b6 Rb2 57. a4 Rb1+ 58. Rg1 Rxb6 59. Rf1+ Kg3 60. Re1 Kf2 0-1

[Event "Czech Open Rapid 2019"]
[Site "Pardubice"]
[Date "2019.07.17"]
[Round "2.10"]
[White "Bryzgalin, Kirill"]
[Black "Vittorino, Carlo Giovanni"]
[Result "1/2-1/2"]
[WhiteElo "2483"]
[BlackElo "2282"]
[Annotator "ChessBase"]
[PlyCount "182"]
[EventDate "2019.07.17"]
[EventType "swiss"]
[EventCountry "CZE"]
[SourceTitle "playchess.com"]
[Source "ChessBase"]
[SourceQuality "1"]

1. e4 c5 2. Nf3 d6 3. d4 cxd4 4. Nxd4 Nf6 5. f3 e5 6. Bb5+ Nbd7 7. Nb3 Be7 8. Be3 O-O 9. Nc3 a6 10. Bxd7 Bxd7 11. Qd2 Be6 12. O-O-O b5 13. Kb1 Qc7 14. g4 Rfc8 15. g5 b4 16. Ne2 Nd7 17. f4 exf4 18. Bxf4 Ne5 19. Ned4 Bg4 20. Rde1 a5 21. h3 Bd7 22. Nc1 Rab8 23. b3 Bf8 24. h4 a4 25. Nce2 Qb7 26. Ng3 Rc3 27. h5 Nf3 28. Nxf3 Rxf3 29. Rhf1 Rxf1 30. Rxf1 axb3 31. cxb3 Bc6 32. Re1 Re8 33. Qd4 Qa6 34. Rc1 Bb5 35. Rd1 Re6 36. h6 g6 37. Qxb4 Bd3+ 38. Ka1 d5 39. Qd4 dxe4 40. Rc1 Rc6 41. Nxe4 Bxe4 42. Qxe4 Re6 43. Qd4 Re2 44. Bd2 Rg2 45. Kb1 Qe2 46. Rc8 Qd1+ 47. Rc1 Qxd2 48. Qxd2 Rxd2 49. a4 Rg2 50. Rc4 Rxg5 51. b4 Bxh6 52. a5 Rb5 53. Kc2 Bf8 54. a6 Bxb4 55. a7 Ra5 56. Rc8+ Kg7 57. a8=Q Rxa8 58. Rxa8 h5 59. Kd3 h4 60. Ke3 h3 61. Kf3 Bd6 62. Ra6 Be5 63. Ra5 Kf6 64. Rb5 Kf5 65. Rb7 f6 66. Rh7 h2 67. Kg2 g5 68. Rb7 Kg4 69. Rb4+ Kf5 70. Rb5 g4 71. Ra5 Kg5 72. Rb5 Kh4 73. Ra5 g3 74. Rb5 Kg4 75. Ra5 Bf4 76. Ra8 f5 77. Ra4 Kg5 78. Ra8 Be5 79. Rg8+ Kf4 80. Kh1 Ke4 81. Rg6 f4 82. Rg4 Kf5 83. Rg8 Bf6 84. Rf8 Kg5 85. Rg8+ Kh5 86. Rf8 Bg5 87. Rf7 Kg4 88. Rf8 Kh3 89. Rh8+ Bh4 90. Rg8 Bf6 91. Rxg3+ fxg3 1/2-1/2

[Event "Czech Open Rapid 2019"]
[Site "Pardubice"]
[Date "2019.07.17"]
[Round "2.10"]
[White "Potapov, Alexander"]
[Black "Zpevakova, Jana"]
[Result "1-0"]
[WhiteElo "2409"]
[BlackElo "2109"]
[Annotator "NA"]
[PlyCount "61"]
[EventDate "2019.07.17"]
[EventType "swiss"]
[EventCountry "CZE"]
[SourceTitle "playchess.com"]
[Source "ChessBase"]
[SourceQuality "1"]

1. d4 d5 2. c4 e6 3. Nc3 Nf6 4. Bg5 Be7 5. e3 b6 6. Nf3 O-O 7. Rc1 Bb7 8. cxd5 exd5 9. Bd3 Nbd7 10. O-O h6 11. Bf4 Nh5 12. Be5 Nxe5 13. Nxe5 Nf6 14. Qa4 c5 15. Ba6 Bxa6 16. Qxa6 Bd6 17. Rfd1 Re8 18. f4 c4 19. b3 cxb3 20. axb3 Qe7 21. h3 Qe6 22. Qd3 Bb4 23. Nb5 Bd6 24. Rc6 Ne4 25. Nc7 Bxc7 26. Rxe6 Rxe6 27. Rc1 Bd6 28. Qb5 Nf6 29. g4 g5 30. Qc6 Rae8 31. f5 1-0

[Event "Czech Open Rapid 2019"]
[Site "Pardubice"]
[Date "2019.07.17"]
[Round "2.11"]
[White "Skliarov, Viktor"]
[Black "Belyakov, Bogdan"]
[Result "0-1"]
[WhiteElo "2309"]
[BlackElo "2483"]
[Annotator "ChessBase"]
[PlyCount "96"]
[EventDate "2019.07.17"]
[EventType "swiss"]
[EventCountry "CZE"]
[SourceTitle "playchess.com"]
[Source "ChessBase"]
[SourceQuality "1"]

1. e4 e5 2. Nc3 Nf6 3. Bc4 Nc6 4. d3 Na5 5. Nge2 Bc5 6. Ng3 Nxc4 7. dxc4 d6 8. h3 Be6 9. Qd3 Nd7 10. O-O g6 11. b3 Qh4 12. Be3 O-O 13. Nf5 gxf5 14. exf5 e4 15. Qd2 Bxf5 16. Nd5 Qd8 17. Bh6 Re8 18. Qf4 Re5 19. b4 Bb6 20. Rad1 c6 21. Nxb6 Nxb6 22. Qg3+ Bg6 23. Bf4 Re6 24. Bxd6 Nxc4 25. Be5 Qe7 26. Ba1 Qxb4 27. h4 h5 28. f4 exf3 29. Rxf3 Rae8 30. Rdf1 Nd6 31. Qg5 Qe4 32. Qh6 Re5 33. Bxe5 Rxe5 34. Rf6 Ne8 35. R6f4 Qe3+ 36. Kh1 Ng7 37. R1f3 Qc1+ 38. Rf1 Re1 39. Rxe1 Qxe1+ 40. Kh2 Ne6 41. Rf3 Qxh4+ 42. Kg1 Qd4+ 43. Kh1 Qa1+ 44. Kh2 Qe5+ 45. Kh1 Ng5 46. Rb3 b5 47. a4 Bxc2 48. Ra3 b4 0-1

[Event "Czech Open Rapid 2019"]
[Site "Pardubice"]
[Date "2019.07.17"]
[Round "2.11"]
[White "Poleg, Matan"]
[Black "Burdalev, Kirill"]
[Result "0-1"]
[WhiteElo "2226"]
[BlackElo "2385"]
[Annotator "NA"]
[PlyCount "36"]
[EventDate "2019.07.17"]
[EventType "swiss"]
[EventCountry "CZE"]
[SourceTitle "playchess.com"]
[Source "ChessBase"]
[SourceQuality "1"]

1. d4 Nf6 2. Nf3 e6 3. c4 d5 4. Nc3 Bb4 5. Qa4+ Nc6 6. e3 O-O 7. Bd2 Re8 8. Qc2 a6 9. a3 Bd6 10. Rd1 h6 11. Bd3 Bd7 12. O-O dxc4 13. Bxc4 Qe7 14. e4 e5 15. dxe5 Nxe5 16. Nxe5 Qxe5 17. g3 Qh5 18. f3 Qc5+ 0-1

[Event "Czech Open Rapid 2019"]
[Site "Pardubice"]
[Date "2019.07.17"]
[Round "2.12"]
[White "Valderrama Quiceno, Esteban Alb"]
[Black "Sarkar, Justin"]
[Result "1/2-1/2"]
[WhiteElo "2481"]
[BlackElo "2278"]
[Annotator "ChessBase"]
[PlyCount "53"]
[EventDate "2019.07.17"]
[EventType "swiss"]
[EventCountry "CZE"]
[SourceTitle "playchess.com"]
[Source "ChessBase"]
[SourceQuality "1"]

1. Nf3 Nf6 2. g3 g6 3. Bg2 Bg7 4. O-O O-O 5. d4 d5 6. c4 Nc6 7. cxd5 Nxd5 8. Nc3 e5 9. Bg5 f6 10. Nxd5 fxg5 11. Nxe5 Nxe5 12. dxe5 Bxe5 13. Qb3 Kh8 14. Rad1 c6 15. Ne3 Qb6 16. Qa3 Be6 17. b3 Rae8 18. Nc4 Bxc4 19. bxc4 Qb2 20. Qxa7 Qxe2 21. Rd7 Qxc4 22. Rxb7 Ra8 23. Rxh7+ Kg8 24. Qd7 Rad8 25. Qb7 Rb8 26. Qd7 Rbd8 27. Qb7 1/2-1/2

[Event "Czech Open Rapid 2019"]
[Site "Pardubice"]
[Date "2019.07.17"]
[Round "2.12"]
[White "Biolek, Richard Jr."]
[Black "Brejnik, Gustav"]
[Result "1-0"]
[WhiteElo "2447"]
[BlackElo "2179"]
[Annotator "NA"]
[PlyCount "70"]
[EventDate "2019.07.17"]
[EventType "swiss"]
[EventCountry "CZE"]
[SourceTitle "playchess.com"]
[Source "ChessBase"]
[SourceQuality "1"]

1. e4 c6 2. d4 d5 3. Nc3 dxe4 4. Nxe4 Nf6 5. Nxf6+ exf6 6. Be3 Qb6 7. Bd3 Qxb2 8. Ne2 Bb4+ 9. Kf1 O-O 10. Rb1 Qa3 11. Ng3 Be6 12. Nh5 Nd7 13. c4 Rfe8 14. Nf4 Bd6 15. Nxe6 fxe6 16. Rxb7 Nf8 17. c5 Be7 18. Qb3 Qxb3 19. Rxb3 Rab8 20. Ke2 Rxb3 21. axb3 Rb8 22. Bc4 Kf7 23. Ra1 Rb7 24. Ra6 Rc7 25. Bf4 Rd7 26. Ke3 Ng6 27. Bb8 Nh4 28. g4 Ng2+ 29. Ke4 g6 30. Rxc6 f5+ 31. gxf5 gxf5+ 32. Kf3 Nh4+ 33. Ke3 Ng2+ 34. Kd3 Rb7 35. Be5 Bf6 1-0

[Event "Czech Open Rapid 2019"]
[Site "Pardubice"]
[Date "2019.07.17"]
[Round "2.13"]
[White "Strebkovs, Andrejs"]
[Black "Rasik, Vitezslav"]
[Result "1/2-1/2"]
[WhiteElo "2295"]
[BlackElo "2480"]
[Annotator "ChessBase"]
[PlyCount "94"]
[EventDate "2019.07.17"]
[EventType "swiss"]
[EventCountry "CZE"]
[SourceTitle "playchess.com"]
[Source "ChessBase"]
[SourceQuality "1"]

1. e4 d6 2. d4 g6 3. Nc3 Bg7 4. f4 Nf6 5. Nf3 O-O 6. Bd3 Nc6 7. Be3 Ng4 8. Bg1 e5 9. fxe5 dxe5 10. d5 Nd4 11. h3 Nh6 12. Qd2 f5 13. O-O-O fxe4 14. Nxe4 Qxd5 15. c3 Nxf3 16. gxf3 Nf5 17. Qe2 Be6 18. b3 Qa5 19. Bf2 Rad8 20. Kb2 c6 21. Bc4 Bd5 22. b4 Qc7 23. Ng5 Rfe8 24. Ne4 a5 25. a3 axb4 26. axb4 b5 27. Bb3 Kh8 28. Ra1 Bxb3 29. Kxb3 Qf7+ 30. Kb2 Nd6 31. Ra7 Qg8 32. Ng5 Ra8 33. Rha1 Rxa7 34. Rxa7 Ra8 35. Qd3 Rxa7 36. Bxa7 Qd5 37. Qxd5 cxd5 38. Bc5 Nf5 39. Ne6 e4 40. fxe4 dxe4 41. Kc2 Be5 42. Kd2 Kg8 43. Nd8 Bf4+ 44. Ke2 g5 45. Nc6 h5 46. Na7 Kf7 47. Nxb5 Ke6 1/2-1/2

[Event "Czech Open Rapid 2019"]
[Site "Pardubice"]
[Date "2019.07.17"]
[Round "2.13"]
[White "Trasak, Ondrej"]
[Black "Soural, Jan"]
[Result "1/2-1/2"]
[WhiteElo "1978"]
[BlackElo "2196"]
[Annotator "NA"]
[PlyCount "90"]
[EventDate "2019.07.17"]
[EventType "swiss"]
[EventCountry "CZE"]
[SourceTitle "playchess.com"]
[Source "ChessBase"]
[SourceQuality "1"]

1. d4 Nf6 2. Bf4 g6 3. Nf3 Bg7 4. Nbd2 d5 5. e3 O-O 6. Bd3 c5 7. c3 Nc6 8. h3 Nd7 9. O-O e5 10. dxe5 Ndxe5 11. Nxe5 Nxe5 12. Be2 Re8 13. Nf3 Bf5 14. Nxe5 Bxe5 15. Bxe5 Rxe5 16. Bf3 Be4 17. Bxe4 dxe4 18. Qb3 Qc7 19. c4 Rd8 20. Rfd1 Re7 21. Rxd8+ Qxd8 22. Rd1 Rd7 23. Rxd7 Qxd7 24. Qc3 Qd1+ 25. Kh2 Qd6+ 26. Kg1 g5 27. Qc2 f5 28. Qa4 a6 29. Qe8+ Kg7 30. Qc8 Qd1+ 31. Kh2 Qd6+ 32. g3 f4 33. Qxb7+ Kf6 34. exf4 gxf4 35. Qxe4 fxg3+ 36. fxg3 Qd2+ 37. Qg2 Qe3 38. Qc6+ Ke7 39. Qc7+ Ke6 40. Qc8+ Ke7 41. Qb7+ Ke8 42. Qd5 Qe2+ 43. Kh1 Qf1+ 44. Kh2 Qe2+ 45. Qg2 Qxc4 1/2-1/2

[Event "Czech Open Rapid 2019"]
[Site "Pardubice"]
[Date "2019.07.17"]
[Round "2.14"]
[White "Lalic, Bogdan"]
[Black "Meleshko, Volodymyr"]
[Result "0-1"]
[WhiteElo "2479"]
[BlackElo "2269"]
[Annotator "ChessBase"]
[PlyCount "52"]
[EventDate "2019.07.17"]
[EventType "swiss"]
[EventCountry "CZE"]
[SourceTitle "playchess.com"]
[Source "ChessBase"]
[SourceQuality "1"]

1. d4 Nf6 2. c4 e5 3. dxe5 Ng4 4. Nf3 Bc5 5. e3 Nc6 6. Nc3 O-O 7. Be2 Ngxe5 8. Nxe5 Nxe5 9. O-O Re8 10. b3 a5 11. Bb2 Ra6 12. Ne4 Ba7 13. Qd5 Rh6 14. Bxe5 c6 15. Bf6 gxf6 16. Qd3 d5 17. Ng3 Re5 18. Rad1 f5 19. Qc3 Qh4 20. Nh5 d4 21. Qd2 f4 22. g3 Qh3 23. exd4 Rexh5 24. Bxh5 Rxh5 25. f3 Bxd4+ 26. Kh1 fxg3 0-1

[Event "Czech Open Rapid 2019"]
[Site "Pardubice"]
[Date "2019.07.17"]
[Round "2.14"]
[White "Blandon, Luis Guillermo"]
[Black "Korchagin, Oleg"]
[Result "1-0"]
[WhiteElo "2239"]
[BlackElo "2056"]
[Annotator "NA"]
[PlyCount "99"]
[EventDate "2019.07.17"]
[EventType "swiss"]
[EventCountry "CZE"]
[SourceTitle "playchess.com"]
[Source "ChessBase"]
[SourceQuality "1"]

1. e4 e5 2. Nf3 Nc6 3. d4 exd4 4. Nxd4 Bc5 5. Be3 Qf6 6. c3 Nge7 7. Bc4 Ne5 8. Be2 O-O 9. O-O Qg6 10. Nd2 d5 11. Bh5 Qa6 12. Be2 Qg6 13. Bh5 Qa6 14. b4 Bxd4 15. Bxd4 N5g6 16. Be2 Qe6 17. exd5 Nxd5 18. Bf3 c6 19. Re1 Qf5 20. g3 Be6 21. Be4 Qg4 22. Bf3 Qf5 23. Qe2 a5 24. a3 axb4 25. axb4 Rxa1 26. Rxa1 Qc2 27. Ne4 Qxe2 28. Bxe2 f5 29. Ng5 Bc8 30. Bc5 Re8 31. Bc4 Ne5 32. Bb3 h6 33. Nh3 g5 34. f4 Nf3+ 35. Kg2 g4 36. Nf2 Re2 37. Ra8 Re8 38. Nd3 Bd7 39. Rxe8+ Bxe8 40. c4 Nc3 41. Bd6 Bf7 42. Nc5 b6 43. Nd7 Ne4 44. Be5 Nfd2 45. Ba4 Nxc4 46. Bxc6 Ne3+ 47. Kg1 Bc4 48. Nxb6 Bd3 49. Nd5 Nd2 50. Nxe3 1-0

[Event "Czech Open Rapid 2019"]
[Site "Pardubice"]
[Date "2019.07.17"]
[Round "2.15"]
[White "Myshakov, Fyodor"]
[Black "Gazik, Viktor"]
[Result "0-1"]
[WhiteElo "2282"]
[BlackElo "2462"]
[Annotator "ChessBase"]
[PlyCount "88"]
[EventDate "2019.07.17"]
[EventType "swiss"]
[EventCountry "CZE"]
[SourceTitle "playchess.com"]
[Source "ChessBase"]
[SourceQuality "1"]

1. c4 e5 2. Nc3 Nc6 3. Nf3 f5 4. d3 Nf6 5. g3 h6 6. Bg2 d6 7. O-O g5 8. a3 Bg7 9. Rb1 O-O 10. b4 Be6 11. Bb2 Qe8 12. c5 Rc8 13. cxd6 cxd6 14. Qa4 a6 15. b5 axb5 16. Qxb5 Qf7 17. a4 f4 18. Qb6 Rfd8 19. Ba3 Rd7 20. Rfc1 Qh5 21. a5 Ra8 22. Bb4 Ng4 23. Ne4 Ra6 24. Qb5 Nd4 25. Rc8+ Kh7 26. Nxd4 Qxh2+ 27. Kf1 exd4 28. Nxd6 f3 29. exf3 Ne5 30. f4 Bh3 31. Qd5 Raxd6 32. Bxd6 Rxd6 33. Qe4+ Ng6 34. f5 Qh1+ 35. Ke2 Qxg2 36. fxg6+ Rxg6 37. Qxg2 Bxg2 38. Rb6 Rxb6 39. axb6 g4 40. f4 gxf3+ 41. Kf2 Bf6 42. Rc7+ Kg6 43. g4 Bh4+ 44. Kg1 Bh3 0-1

[Event "Czech Open Rapid 2019"]
[Site "Pardubice"]
[Date "2019.07.17"]
[Round "2.15"]
[White "Ret, Adam Josef"]
[Black "Hrabinska, Myroslava"]
[Result "1/2-1/2"]
[WhiteElo "1943"]
[BlackElo "2243"]
[Annotator "NA"]
[PlyCount "178"]
[EventDate "2019.07.17"]
[EventType "swiss"]
[EventCountry "CZE"]
[SourceTitle "playchess.com"]
[Source "ChessBase"]
[SourceQuality "1"]

1. d4 Nf6 2. c4 e6 3. Nc3 d5 4. cxd5 exd5 5. Bg5 Be7 6. e3 c6 7. Bd3 Nbd7 8. Nf3 Nf8 9. O-O Ne6 10. Bh4 O-O 11. Qc2 g6 12. Rab1 Ng7 13. b4 a6 14. a4 Bf5 15. Bxf5 Nxf5 16. Bxf6 Bxf6 17. b5 axb5 18. axb5 Nd6 19. bxc6 bxc6 20. Nd2 Ra6 21. Ra1 Qa8 22. Rxa6 Qxa6 23. Na4 Ra8 24. Nc5 Qa2 25. Rc1 Qxc2 26. Rxc2 Ra1+ 27. Nf1 Nc4 28. g3 Be7 29. Nb3 Rd1 30. Kg2 Bb4 31. h3 f5 32. Nh2 Rb1 33. Nc1 Kf7 34. Nf3 h6 35. Nd3 Bd6 36. Nfe5+ Bxe5 37. Nxe5+ Nxe5 38. dxe5 Rb6 39. f4 Ke6 40. Kf3 g5 41. Rc3 Ra6 42. Rc2 h5 43. fxg5 Kxe5 44. Rc3 Kd6 45. Kf4 Ke6 46. Rc2 Ra4+ 47. Kf3 Kd6 48. Rb2 c5 49. g6 Ke5 50. Rb7 Ra6 51. Re7+ Kf6 52. Rd7 Ke6 53. Rc7 Kd6 54. Rc8 Ra7 55. Kf4 c4 56. Kxf5 Re7 57. Kf4 Kd7 58. Rc5 Kd6 59. Rc8 Kd7 60. Ra8 c3 61. Ra2 Kd6 62. Rc2 Re4+ 63. Kf3 Rc4 64. g7 Rc8 65. Kf4 Ke6 66. Kg5 Kf7 67. Kxh5 Rc6 68. Kg5 Kxg7 69. Kf4 Kf6 70. g4 Rc4+ 71. Kg3 Ke5 72. Kf3 d4 73. exd4+ Kxd4 74. g5 Kd3 75. Rc1 c2 76. Kg3 Kd2 77. Rf1 Re4 78. Ra1 c1=Q 79. Rxc1 Kxc1 80. g6 Re6 81. h4 Rxg6+ 82. Kf4 Kd2 83. Kf5 Rg1 84. h5 Ke3 85. h6 Kd4 86. h7 Rh1 87. Kg6 Ke5 88. Kg7 Rg1+ 89. Kf7 Rf1+ 1/2-1/2

[Event "Czech Open Rapid 2019"]
[Site "Pardubice"]
[Date "2019.07.17"]
[Round "2.16"]
[White "Manik, Mikulas"]
[Black "Sydoryka, Vladislav"]
[Result "0-1"]
[WhiteElo "2458"]
[BlackElo "2263"]
[Annotator "ChessBase"]
[PlyCount "74"]
[EventDate "2019.07.17"]
[EventType "swiss"]
[EventCountry "CZE"]
[SourceTitle "playchess.com"]
[Source "ChessBase"]
[SourceQuality "1"]

1. e4 c6 2. d4 d5 3. e5 Bf5 4. Nf3 e6 5. Be2 c5 6. Be3 Nc6 7. dxc5 Qc7 8. O-O Nge7 9. Na3 a6 10. c4 Rd8 11. Qa4 Be4 12. cxd5 Bxd5 13. Nc4 Bxc4 14. Bxc4 Nf5 15. Bg5 Rd7 16. b4 h6 17. Bc1 g5 18. Re1 Bg7 19. b5 axb5 20. Bxb5 O-O 21. Bb2 Rd5 22. Rac1 Nxe5 23. Bxe5 Bxe5 24. c6 Bf4 25. Rb1 bxc6 26. Bc4 Ra5 27. Qb3 g4 28. g3 gxf3 29. gxf4 Qxf4 30. Kh1 Nd4 31. Qd3 Rh5 32. Rg1+ Kh8 33. Rg3 Nf5 34. Rbg1 Nxg3+ 35. Rxg3 Rg8 36. Qxf3 Qxf3+ 37. Rxf3 Rc5 0-1

[Event "Czech Open Rapid 2019"]
[Site "Pardubice"]
[Date "2019.07.17"]
[Round "2.16"]
[White "Polak, Benedikt"]
[Black "Nemec, Jachym"]
[Result "0-1"]
[WhiteElo "2170"]
[BlackElo "1927"]
[Annotator "NA"]
[PlyCount "80"]
[EventDate "2019.07.17"]
[EventType "swiss"]
[EventCountry "CZE"]
[SourceTitle "playchess.com"]
[Source "ChessBase"]
[SourceQuality "1"]

1. e4 c5 2. Nf3 Nc6 3. Bb5 g6 4. O-O Bg7 5. c3 e5 6. h3 Nge7 7. a3 O-O 8. d3 d6 9. Bc4 h6 10. b4 Kh7 11. Be3 b6 12. Ne1 f5 13. f3 f4 14. Bf2 g5 15. Nc2 a6 16. a4 Rb8 17. d4 b5 18. axb5 axb5 19. Be2 exd4 20. cxd4 cxb4 21. Qd3 d5 22. Nd2 Ng6 23. Nb3 dxe4 24. fxe4 f3 25. Bxf3 Nce5 26. Qe3 Nxf3+ 27. gxf3 Bxh3 28. Rfc1 Nf4 29. Ne1 Rb6 30. Ra7 Rg6 31. Rcc7 Rg8 32. Nc5 b3 33. Nxb3 Qf8 34. Rf7 Qb4 35. Kh2 Be6 36. Nc5 Bxf7 37. Rxf7 Qc4 38. Rb7 Qf1 39. e5 Qh3+ 40. Kg1 g4 0-1

[Event "Czech Open Rapid 2019"]
[Site "Pardubice"]
[Date "2019.07.17"]
[Round "2.17"]
[White "Punin, Andrii"]
[Black "Peng, Li Min"]
[Result "1/2-1/2"]
[WhiteElo "2271"]
[BlackElo "2455"]
[Annotator "ChessBase"]
[PlyCount "40"]
[EventDate "2019.07.17"]
[EventType "swiss"]
[EventCountry "CZE"]
[SourceTitle "playchess.com"]
[Source "ChessBase"]
[SourceQuality "1"]

1. d4 d5 2. Bf4 Nf6 3. e3 e6 4. c3 Bd6 5. Bg3 c5 6. Nd2 Nc6 7. Ngf3 O-O 8. Bd3 Qe7 9. Ne5 Nd7 10. Nxd7 Qxd7 11. Bxd6 Qxd6 12. dxc5 Qxc5 13. Bxh7+ Kxh7 14. Qh5+ Kg8 15. Ne4 g6 16. Qg5 Qe7 17. Nf6+ Kg7 18. Nh5+ Kg8 19. Nf6+ Kg7 20. Nh5+ Kg8 1/2-1/2

[Event "Czech Open Rapid 2019"]
[Site "Pardubice"]
[Date "2019.07.17"]
[Round "2.17"]
[White "Tesar, Jan"]
[Black "Fedotov, Konstantin"]
[Result "0-1"]
[WhiteElo "2034"]
[BlackElo "2020"]
[Annotator "NA"]
[PlyCount "79"]
[EventDate "2019.07.17"]
[EventType "swiss"]
[EventCountry "CZE"]
[SourceTitle "playchess.com"]
[Source "ChessBase"]
[SourceQuality "1"]

1. c4 c5 2. Nc3 Nc6 3. g3 g6 4. Bg2 Bg7 5. e4 d6 6. Nge2 Bg4 7. h3 Bxe2 8. Nxe2 e6 9. O-O Nge7 10. Rb1 a6 11. d3 b5 12. Be3 O-O 13. f4 Qa5 14. a3 Rab8 15. f5 Be5 16. Bh6 Rfe8 17. fxe6 fxe6 18. Nf4 Nd4 19. Qg4 Kh8 20. h4 bxc4 21. dxc4 Rb3 22. h5 Rg8 23. Qh4 Nef5 24. exf5 Nxf5 25. Qh2 gxh5 26. Qxh5 Rbxg3 27. Rf2 Bd4 28. Rbf1 Qc7 29. Kh2 Be5 30. Re1 d5 31. cxd5 Nxh6 32. Qxe5+ Qxe5 33. Rxe5 Rb3 34. Bf3 Rxf3 35. Rxf3 Ng4+ 36. Kh3 Nxe5 37. Re3 Nc4 38. Rxe6 Nxb2 39. d6 c4 40. d7 0-1

[Event "Czech Open Rapid 2019"]
[Site "Pardubice"]
[Date "2019.07.17"]
[Round "2.18"]
[White "Jirka, Jiri"]
[Black "Yandarbiev, Ruslan"]
[Result "0-1"]
[WhiteElo "2447"]
[BlackElo "2256"]
[Annotator "NA"]
[PlyCount "60"]
[EventDate "2019.07.17"]
[EventType "swiss"]
[EventCountry "CZE"]
[SourceTitle "playchess.com"]
[Source "ChessBase"]
[SourceQuality "1"]

1. d4 Nf6 2. c4 g6 3. g3 Bg7 4. Bg2 O-O 5. Nc3 d6 6. Nf3 Nbd7 7. O-O e5 8. e4 c6 9. h3 exd4 10. Nxd4 Qb6 11. Nde2 Qc7 12. Be3 Re8 13. Qc2 a5 14. Rad1 Nc5 15. f4 Qe7 16. Bxc5 dxc5 17. g4 Nd7 18. Ng3 Nb6 19. b3 Bd4+ 20. Kh2 a4 21. e5 axb3 22. axb3 f6 23. exf6 Qxf6 24. Nce4 Qh4 25. Rxd4 cxd4 26. f5 gxf5 27. gxf5 Nd7 28. Qd1 Ne5 29. Qxd4 Ra2 30. f6 Qxh3+ 0-1

[Event "Czech Open Rapid 2019"]
[Site "Pardubice"]
[Date "2019.07.17"]
[Round "2.18"]
[White "Jezbera, Jiri"]
[Black "Gagare, Shalmali"]
[Result "0-1"]
[WhiteElo "2133"]
[BlackElo "2058"]
[Annotator "NA"]
[PlyCount "62"]
[EventDate "2019.07.17"]
[EventType "swiss"]
[EventCountry "CZE"]
[SourceTitle "playchess.com"]
[Source "ChessBase"]
[SourceQuality "1"]

1. e4 e5 2. Nf3 Nc6 3. d4 exd4 4. Bc4 Bc5 5. c3 Nf6 6. e5 d5 7. Bb5 Ne4 8. cxd4 Bb6 9. O-O O-O 10. h3 f6 11. Nc3 Nxc3 12. bxc3 fxe5 13. Bxc6 e4 14. Ne5 bxc6 15. Nxc6 Qd6 16. Ne5 Ba6 17. Re1 c5 18. Ba3 Rf5 19. Ng4 Raf8 20. Qa4 Bd3 21. dxc5 Bxc5 22. Bxc5 Qxc5 23. Qd4 Qxd4 24. cxd4 h5 25. Ne3 Rxf2 26. Nxd5 Rb2 27. Re3 h4 28. Nc3 Rff2 29. Nxe4 Rxg2+ 30. Kh1 Rh2+ 31. Kg1 Rbg2# 0-1